Adult Lumbar Scoliosis (Запис № 448793)

МАРК-запис
000 -LEADER
fixed length control field 04571nam a22005175i 4500
001 - CONTROL NUMBER
control field 978-3-319-47709-1
003 - CONTROL NUMBER IDENTIFIER
control field DE-He213
005 - DATE AND TIME OF LATEST TRANSACTION
control field 20210118134039.0
007 - PHYSICAL DESCRIPTION FIXED FIELD--GENERAL INFORMATION
fixed length control field cr nn 008mamaa
008 - FIXED-LENGTH DATA ELEMENTS--GENERAL INFORMATION
fixed length control field 170127s2017 gw | s |||| 0|eng d
020 ## - INTERNATIONAL STANDARD BOOK NUMBER
International Standard Book Number 9783319477091
-- 978-3-319-47709-1
024 7# - OTHER STANDARD IDENTIFIER
Standard number or code 10.1007/978-3-319-47709-1
Source of number or code doi
050 #4 - LIBRARY OF CONGRESS CALL NUMBER
Classification number RD701-811
072 #7 - SUBJECT CATEGORY CODE
Subject category code MNS
Source bicssc
072 #7 - SUBJECT CATEGORY CODE
Subject category code MED065000
Source bisacsh
072 #7 - SUBJECT CATEGORY CODE
Subject category code MNS
Source thema
082 04 - DEWEY DECIMAL CLASSIFICATION NUMBER
Classification number 616.7
Edition number 23
245 10 - TITLE STATEMENT
Title Adult Lumbar Scoliosis
Medium [electronic resource] :
Remainder of title A Clinical Guide to Diagnosis and Management /
Statement of responsibility, etc edited by Eric O. Klineberg.
250 ## - EDITION STATEMENT
Edition statement 1st ed. 2017.
264 #1 -
-- Cham :
-- Springer International Publishing :
-- Imprint: Springer,
-- 2017.
300 ## - PHYSICAL DESCRIPTION
Extent XIV, 295 p. 82 illus., 28 illus. in color.
Other physical details online resource.
336 ## -
-- text
-- txt
-- rdacontent
337 ## -
-- computer
-- c
-- rdamedia
338 ## -
-- online resource
-- cr
-- rdacarrier
347 ## -
-- text file
-- PDF
-- rda
505 0# - FORMATTED CONTENTS NOTE
Formatted contents note Defining Adult Lumbar Scoliosis -- Imaging Adult Lumbar Scoliosis -- Radiographic Parameters for Adult Lumbar Scoliosis -- Patient Reported Outcome Measures Available for Adult Lumbar Scoliosis -- Impact of Depression on the Treatment of Adult Lumbar Scoliosis -- Pre-Operative Clinical Evaluation of Adult Lumbar Scoliosis -- Non-Operative Management of Adult Lumbar Scoliosis -- Surgical Alignment Goals for Adult Lumbar Scoliosis -- Intra-Operative Management of Adult Lumbar Scoliosis -- Biologics for Adult Lumbar Scoliosis -- Assessing the Need for Decompression for Adult Lumbar Scoliosis -- Minimally Invasive Techniques for Adult Lumbar Scoliosis -- Anterior Column Release for Adult Lumbar Scoliosis -- Anterior Column Support Options for Adult Lumbar Scoliosis -- Releases and Osteotomies Used for the Correction of Adult Lumbar Scoliosis -- Distal Fixation for Adult Lumbar Scoliosis: Indications and Techniques -- Diagnosis and Classification of Proximal Junctional Kyphosis and Proximal Junctional Failure -- Prevention Strategies for Proximal Junctional Kyphosis -- Complications Following Surgical Intervention for Adult Lumbar Scoliosis -- Peri-Operative Patient Management of Adult Lumbar Scoliosis -- Patient Reported Outcomes Following the Treatment of Adult Lumbar Scoliosis -- Health Economic Value of the Treatment for Adult Lumbar Scoliosis -- Future Directions for Adult Lumbar Scoliosis.
520 ## - SUMMARY, ETC.
Summary, etc Providing a sound definition and review of the pertinent treatment goals for the management of adult lumbar scoliosis, this practical and comprehensive guide covers everything from pre-operative evaluation and radiography to post-operative management and complications. Both non-operative and operative strategies are presented, including minimally invasive techniques, decompression, anterior release, spinal osteotomy, biologics, and proximal and distal fixation, with an emphasis on clinical guidelines and management outcomes. The impact and prevention of complications following treatment are also discussed, including the prevention of proximal junctional kyphosis. Concluding with an examination of future directions for research and clinical treatment strategies, the comprehensive approach of this book provides the orthopedic surgeon, neurosurgeon and spinal practitioner with the most current evidence and expert thought about the evaluation and management of adult lumbar scoliosis.
506 ## - RESTRICTIONS ON ACCESS NOTE
Terms governing access Available to subscribing member institutions only. Доступно лише організаціям членам підписки.
506 ## - RESTRICTIONS ON ACCESS NOTE
Standardized terminology for access restriction Online access from local network of NaUOA.
506 ## - RESTRICTIONS ON ACCESS NOTE
Standardized terminology for access restriction Online access with authorization at https://link.springer.com/
506 ## - RESTRICTIONS ON ACCESS NOTE
Standardized terminology for access restriction Онлайн-доступ з локальної мережі НаУОА.
506 ## - RESTRICTIONS ON ACCESS NOTE
Standardized terminology for access restriction Онлайн доступ з авторизацією на https://link.springer.com/
650 #0 - SUBJECT ADDED ENTRY--TOPICAL TERM
Topical term or geographic name as entry element Orthopedics.
650 14 - SUBJECT ADDED ENTRY--TOPICAL TERM
Topical term or geographic name as entry element Orthopedics.
-- http://scigraph.springernature.com/things/product-market-codes/H45000
700 1# - ADDED ENTRY--PERSONAL NAME
Personal name Klineberg, Eric O.
Relator term editor.
Relator code edt
-- http://id.loc.gov/vocabulary/relators/edt
710 2# - ADDED ENTRY--CORPORATE NAME
Corporate name or jurisdiction name as entry element SpringerLink (Online service)
773 0# - HOST ITEM ENTRY
Title Springer eBooks
776 08 - ADDITIONAL PHYSICAL FORM ENTRY
Display text Printed edition:
International Standard Book Number 9783319477077
776 08 - ADDITIONAL PHYSICAL FORM ENTRY
Display text Printed edition:
International Standard Book Number 9783319477084
776 08 - ADDITIONAL PHYSICAL FORM ENTRY
Display text Printed edition:
International Standard Book Number 9783319838038
856 40 - ELECTRONIC LOCATION AND ACCESS
Uniform Resource Identifier <a href="https://doi.org/10.1007/978-3-319-47709-1">https://doi.org/10.1007/978-3-319-47709-1</a>
912 ## -
-- ZDB-2-SME
942 ## - ADDED ENTRY ELEMENTS (KOHA)
Koha item type ЕКнига

Немає доступних примірників.